Pulpit a thilhihtheihna / (Record no. 3692)

MARC details
000 -LEADER
fixed length control field 00493nam a22001697a 4500
003 - CONTROL NUMBER IDENTIFIER
control field GBCCL
005 - DATE AND TIME OF LATEST TRANSACTION
control field 20241126110501.0
008 - FIXED-LENGTH DATA ELEMENTS--GENERAL INFORMATION
fixed length control field 171201b xxu||||| |||| 00| 0 eng d
040 ## - CATALOGING SOURCE
Transcribing agency gbc
082 ## - DEWEY DECIMAL CLASSIFICATION NUMBER
Classification number VER 251.08
Item number VIN
100 ## - MAIN ENTRY--PERSONAL NAME
Personal name Vines, Jerry
9 (RLIN) 1466
245 ## - TITLE STATEMENT
Title Pulpit a thilhihtheihna /
Statement of responsibility, etc. Jerry Vines & Jim Shaddix
260 ## - PUBLICATION, DISTRIBUTION, ETC.
Name of publisher, distributor, etc. The New Beginning Gospel Ministry International,
Date of publication, distribution, etc. 2011
300 ## - PHYSICAL DESCRIPTION
Extent 295p.;
Other physical details ill.,
Dimensions 25 cm.
650 ## - SUBJECT ADDED ENTRY--TOPICAL TERM
Topical term or geographic name entry element Homiletics
Form subdivision Illustrations
9 (RLIN) 7314
942 ## - ADDED ENTRY ELEMENTS (KOHA)
Source of classification or shelving scheme Dewey Decimal Classification
Koha item type Books
Koha issues (borrowed), all copies 1
Holdings
Withdrawn status Lost status Source of classification or shelving scheme Damaged status Not for loan Collection Home library Current Library Shelving location Date acquired Total checkouts Full call number Barcode Date last seen Copy number Price effective from Koha item type Date last checked out
    Dewey Decimal Classification       GRACE BIBLE COLLEGE GRACE BIBLE COLLEGE Vernacular 2017-12-01   VER 251.08 VIN 010303 2025-05-01 c.1 2017-12-01 Books  
    Dewey Decimal Classification       GRACE BIBLE COLLEGE GRACE BIBLE COLLEGE Vernacular 2017-12-01   VER 251.08 VIN 010305 2025-05-01 c.3 2017-12-01 Books  
    Dewey Decimal Classification       GRACE BIBLE COLLEGE GRACE BIBLE COLLEGE Vernacular 2017-12-01 1 VER 251.08 VIN 010304 2025-07-14 c.2 2017-12-01 Books 2025-07-09
    Dewey Decimal Classification       GRACE BIBLE COLLEGE GRACE BIBLE COLLEGE Vernacular 2017-12-01 1 VER 251.08 VIN 010307 2025-05-01 c.5 2017-12-01 Books 2019-10-29
    Dewey Decimal Classification       GRACE BIBLE COLLEGE GRACE BIBLE COLLEGE Vernacular 2017-12-01   VER 251.08 VIN 010306 2025-05-01 c.4 2017-12-01 Books  
© Grace Bible College Library 2025